000 00605nabaa2200193 a 4500
001 38173
003 BD-RjUL
005 20211209052737.0
008 150921b bg dr|p| |||| 00| 0 eng d
035 _a(BD-RjUL)38278
040 _aBD-RjUL
_beng
082 _223
_a079.5492
_bGON
245 _aগনকন্ঠ (GONOKONTHA)/
_cরুহুল আমিন ভুইয়া (Ruhul Amin Bhua)
260 _aঢাকা :
_bরুহুল আমিন ভুইয়া,
300 _a8p.
650 _aDaily Newspaper
_zBangladesh
_9117503
700 _a Bhua, Ruhul Amin.
_9118104
942 _2ddc
_cNP
999 _c38173
_d38173